02663cam a22004934i 4500003000900000005001700009008004100026020001800067035002000085040003300105049000900138082002600147100003200173245017900205264003500384300004500419336002100464337002500485338002300510490003200533504004000565504003400605505091400639526001001553526001001563526001001573526001001583526000801593526000801601526000801609526000801617526000801625526000801633526000801641650003301649650003101682910002801713942001401741994001401755596000601769999016301775980005501938952017601993PE-LiUPU20250731173054.0180308s2017 ne rb 001 0 eng d a9789004308381 a(Sirsi) a241478 aPE-LiUPUbspacPE-LiUPUerda aPRUA04a230.08996073bM122231 aMcClendon, John H.,eautor.10aPhilosophy of religion and the African American experience :bconversations with my Christian friends /cby John H. McClendon III ; with the assistance of Brittany L. O'Neal. 1aLeiden :bBrill-Rodopi,c2017. aviii, 403 páginas ;c24 centímetros. atext2rdacontent aunmediated2rdamedia avolume2rdacarrier0 aAfrican American philosophy aBibliografía : páginas 377-400. aÍndice : páginas 401-403.0 aIntroduction: Conversation on African Americans and Christianity -- Can a philosopher spoil a good Christian? An introduction to the philosophy of religion and the African American experience -- Philosophy of religion: the social basis of theology and the secular character of philosophy -- Howard Thurman as historical investigator: on Jesus-the man-as Jew and the meaning of Christianity -- James Cone and the Old Testament as history book: a philosophical assessment -- Biblical scripture is a history book: an African American tradition -- Constructing Noah as Black: a contemporary myth about 'historical' origins of a biblical character -- William R. Jones and philosophical theology: transgressing and transforming conventional boundaries of Black liberation theology -- Divine racism and the matter of internal criticism: theology, theodicy, and ideology -- Conclusion: Social outlook and sacred text. aSEG42 aSEG41 aSEG40 aSEG39 aP94 aP87 aP86 aP85 aP77 aP76 aP35 0aAfrican American Christians. 0aCristianos afroamericanos. adbmbjpccjpcd20180308 2ddccBOOK aC0bPEPRU a1 a230.08996073 M12wDEWEYc27104i78404f2021-11-9g4lCCODEBUL1mBULp98.00r0sYtBOOKu2018-3-8xTEOLOGIAPP350COMPRAo.STAFF. Colección Teologíad27104 81gALBERTO SANCHEZ Responsable de Automatización r2025-12-03 00:00:00i5l0o230.08996073 M12p78404te1v103.00w2018-03-08xFTyBKzinventario-2023-12-13102ddc50708GENfP35aBULbBULcGENd2018-03-08eCOMPRAg98.00